[Event "Modbury Championship"]
[Site "Modbury"]
[Date "1997.??.??"]
[Round "?"]
[White "Madsen, John"]
[Black "Anderson-Smith, William"]
[Result "0-1"]
[WhiteElo "1195"]
[BlackElo "1465"]
[Annotator "Fritz 5.32"]
[PlyCount "44"]
[EventDate "1997.??.??"]
[EventType "tourn"]
[EventRounds "11"]
[EventCountry "AUS"]

1. e4 e6 {
Opening = C00 - Französische Verteidigung, seltene Z /French Defence, rare m}
2. Nf3 d5 3. d3 (3. exd5 exd5 4. Be2 Bd6 5. O-O Nf6 6. d3 O-O 7. Bg5 Be6 8. Nd4
Bd7 9. c3 c6 10. Nd2 h6 11. Bh4 c5 12. Nc2 Bc6 13. d4 Nbd7 14. Bg4 Qc7 15. Bg3
Nxg4 16. Qxg4 Nf6 17. Bxd6 Qxd6 {Spillecke,T-Belz,C/Fredeburg 1994/1/2-1/2 (34)
}) 3... Nf6 $146 {Black fights for the Initiative} (3... dxe4 4. Ne5 (4. dxe4
Qxd1+ 5. Kxd1 Bc5 6. Nc3 (6. Be3 Bxe3 7. fxe3 Nf6 8. Bd3 Ng4 9. Ke2 Nc6 10. Bb5
Bd7 11. Nc3 a6 12. Bxc6 Bxc6 13. h3 Nf6 14. e5 Nd7 15. e4 Ke7 16. Rhd1 Nc5 17.
Rd4 f6 18. b4 Nd7 19. exf6+ gxf6 20. g4 e5 21. Nd5+ Kf7 22. Rd3 Bb5 23. Nxc7
Bxd3+ 24. Kxd3 Rad8 25. Nd5 Nf8 26. Rf1 Kg7 27. g5 fxg5 28. Nxe5 Ng6 29. Nf7
Rdf8 30. Nxh8 Rxf1 31. Nxg6 Kxg6 32. c4 Rf3+ 33. Kd4 Rxh3 34. a4 Rf3 35. b5
axb5 36. axb5 g4 37. Ne3 h5 38. c5 Kf6 39. b6 Ke6 40. c6 bxc6 {
Mestre,C-Rachedi,F/WchJW-U14 Duisburg 1992/TD 92\06/0-1 (51)}) 6... Bxf2 7. Bf4
Bb6 8. Bc4 Nc6 9. Kd2 Bd7 10. Rad1 O-O-O 11. Kc1 Nge7 12. Rhe1 Ng6 13. g3 Na5
14. b3 Nxc4 15. bxc4 Bc6 16. Ne5 Nxe5 17. Bxe5 {
0-1 Heinrich,S-Ebbecke,S/RLPF-chJW U17 1988/GER 05 (17)}) 4... exd3 5. Bxd3 Nd7
6. Nf3 Ngf6 7. O-O h6 8. Be3 Bd6 9. a3 c5 10. Qd2 Qc7 11. h3 b6 12. Bb5 Bb7 13.
Bxd7+ Nxd7 14. Qe2 O-O 15. Nc3 a6 16. Nh4 Rae8 17. Rad1 f5 18. f4 {
Spiriakova,K-Cechalova,E/CSR-chW 1992/TD 93\02/0-1 (30)}) 4. Ng5 $15 (4. e5 $5
Nfd7 5. Bg5 $11) 4... Be7 $11 (4... Nc6 5. Nd2 $11) 5. h4 $17 (5. e5 $142 $5 {
might be a viable alternative} Nfd7 6. Nf3 $11) 5... h6 6. Nf3 dxe4 7. Ne5 exd3
8. Bxd3 Nbd7 9. Bf4 Nxe5 $17 (9... O-O 10. Nd2 $17) 10. Bxe5 Bd7 11. Nc3 Bc6
12. f3 $19 (12. Bb5 Bd6 13. Bxc6+ bxc6 $17) 12... Qd7 $17 (12... Bd6 13. f4 $17
) 13. Qe2 O-O-O $15 (13... Bd6 14. O-O-O $17) 14. O-O-O Qe8 15. Qe3 Kb8 16.
Rhf1 Rg8 17. g4 Nd5 18. Nxd5 Bxd5 19. a3 $19 (19. Bh7 $5 Rh8 20. Be4 $17) 19...
Bd6 $17 (19... Bxh4 $5 20. f4 f6 $19) 20. Bd4 b6 21. Ba6 (21. Bh7 Rh8 22. Be4
f6 $17) 21... g5 22. h5 $4 $19 {the final mistake, not that it matters anymore}
(22. hxg5 $142 hxg5 23. Qe2 $17) 22... Bf4 (22... Bf4 23. Qxf4 $5 gxf4 $19) 0-1

[Event "Modbury Championship"]
[Site "Modbury"]
[Date "1997.??.??"]
[Round "?"]
[White "Vuglar, Shanon"]
[Black "Kramer, Warren"]
[Result "1-0"]
[WhiteElo "1101"]
[BlackElo "1279"]
[Annotator "Fritz 5.32"]
[PlyCount "85"]
[EventDate "1997.??.??"]
[EventType "tourn"]
[EventRounds "11"]
[EventCountry "AUS"]

1. e4 c5 {
Opening = B52 - Sizilianisch-Rossolimo Variante /Sicilian-Rossolimo Variation}
2. Nf3 d6 3. Bb5+ Bd7 4. Bxd7+ Nxd7 5. c3 $146 (5. d4 g6 6. d5 (6. O-O Bg7 7.
Nc3 cxd4 8. Nxd4 Ngf6 9. Be3 O-O 10. f4 Nb6 11. Kh1 Nc4 12. Bg1 e5 13. Nf3 exf4
14. Qd3 Nxb2 15. Qb5 Qc8 16. e5 Qxc3 17. Bd4 Qc4 18. Qxb2 Nd5 19. Qxb7 Ne3 20.
Rfe1 Nxc2 {Sosna,J-Oral,T/CZE-ch 1993/TD 93\10/0-1 (31)}) 6... Bg7 7. O-O Ngf6
8. Nbd2 b5 9. Qe2 a6 10. Rb1 Nb6 11. b3 O-O 12. Bb2 Re8 13. Rfe1 Rc8 14. c4 b4
15. e5 Nh5 16. e6 f6 17. g3 a5 18. h4 a4 19. Qe3 f5 {
Weston,A-Watson,A/SCO-chT2 1994/TD 94\03/1-0 (34)}) (5. b3 Ngf6 6. Qe2 g6 7.
Bb2 Bg7 8. O-O O-O 9. c4 (9. d4 cxd4 10. Bxd4 Qa5 11. Nbd2 Rfc8 12. c4 a6 13.
e5 dxe5 14. Nxe5 Nxe5 15. Bxe5 b5 16. Rfd1 Rc6 17. h3 Re6 18. Qf3 Rd8 19. Bc3
Qb6 20. b4 Qc6 21. c5 Rd5 22. Nb3 Rxd1+ 23. Rxd1 Qc8 {
Volkmann,F-Danner,G/Oberwart op 1996/EXP 53/1-0 (34)}) 9... a6 10. d4 cxd4 11.
Nxd4 Nc5 12. Nc3 Nh5 13. Rad1 e5 14. Nf3 Nf4 15. Qc2 Qc8 16. Nd5 Qg4 17. Nxf4
Qxf4 18. Rfe1 f5 19. Bc1 Qg4 {
Nikitin,A-Golubev,M/Moscow op 1995/EXP 46/1-0 (41)}) (5. Nc3 Ngf6 6. d3 g6 7.
O-O Bg7 8. Be3 O-O 9. Qd2 Rb8 10. Ne2 b5 11. a3 Qc7 12. Rab1 c4 13. Rfc1 Rfc8
14. Bd4 e5 15. Bc3 d5 16. exd5 Nxd5 17. Rd1 N7b6 18. Rbc1 Re8 19. dxc4 Qxc4 20.
Qd3 Qc6 21. Nd2 f5 22. f3 Qc5+ 23. Kh1 a6 24. Nf1 Rbd8 25. Ba5 Qf2 26. Bxb6
Qxb6 27. Qb3 Qe6 28. Nc3 Nc7 29. Qxe6+ {
1/2-1/2 Trtanj,T-De la Ferraz Ramos,M/WchJW-U12 Duisburg 1992/TD 92\06 (29)})
5... Ngf6 6. d3 {Consolidates e4} g6 7. O-O Bg7 8. Re1 O-O 9. d4 cxd4 10. cxd4
Rc8 11. Nc3 a6 {Prevents intrusion on b5} 12. Bg5 Ne8 13. Qb3 h6 14. Bh4 g5 15.
Nxg5 $15 (15. Bg3 g4 16. Nd2 Bxd4 17. Qxb7 Nc5 $15) 15... hxg5 16. Bxg5 Bxd4
17. Nd5 Nef6 18. Bh6 $2 $19 (18. Rad1 Be5 19. f4 Nxd5 20. Qg3 Qb6+ 21. Kh1 Nxf4
22. Bxf4+ Kh7 23. Qh3+ Kg8 24. Qg4+ Kh7 25. Re3 Bxf4 26. Qxf4 Qxe3 27. Qxe3 $16
) 18... Bxf2+ $1 {the best thing is for Black to hand back some material} 19.
Kxf2 {Do you see the mate threat?} Ng4+ 20. Kg1 Nxh6 21. Qxb7 e6 $15 (21... Rb8
$142 $5 22. Qxa6 Ne5 $17) 22. Qxc8 exd5 $14 (22... Qxc8 $5 {is worth looking at
} 23. Ne7+ Kh7 24. Nxc8 Rxc8 $15) 23. Qxd8 Rxd8 24. exd5 Rb8 25. b3 Rb5 $14 (
25... Ne5 26. Rf1 Kg7 27. Rad1 $11) 26. Re8+ Nf8 27. Rd1 Nf5 28. Kf2 Rc5 29.
Rd2 Kg7 30. g4 Nh6 31. h3 Rc3 32. Kg2 $14 (32. Re3 $5 Rc1 33. b4 $16) 32... f5
33. gxf5 Nxf5 34. Rd8 (34. Rf2 Ng6 $11) 34... Nh4+ $16 (34... Ng6 $142 $5 $11 {
must be considered}) 35. Kf2 $14 (35. Kf1 Rc1+ 36. Kf2 Rh1 $16) 35... Rf3+ $16
(35... Nf5 $5 $14 {is worth consideration}) 36. Ke2 Rf6 $18 (36... Nfg6 37.
Rxd6 Nf4+ 38. Kd1 $18) 37. Ra8 Nf3 38. Rd3 (38. Rxa6 $6 Nxd2 39. Kxd2 Kg6 $14)
38... Ng1+ 39. Kd1 Rf1+ 40. Kc2 Rf2+ 41. Rd2 Rxd2+ 42. Kxd2 Kf6 $4 {
shortens the misery for Black} (42... Kf7 $142 $18) 43. Rxf8+ (43. Rxf8+ Kg7
44. Rd8 $18) 1-0

[Event "Modbury Championship"]
[Site "Modbury"]
[Date "1997.??.??"]
[Round "?"]
[White "Gaviola, Cecil"]
[Black "Gray, Graham"]
[Result "0-1"]
[WhiteElo "1498"]
[BlackElo "1536"]
[Annotator "Fritz 5.32"]
[PlyCount "126"]
[EventDate "1997.??.??"]
[EventType "tourn"]
[EventRounds "11"]
[EventCountry "AUS"]

1. e4 e5 {Opening = C44_01 Schottische Partie 3.d3 / Scotch Opening 3.d3} 2.
Nf3 Nf6 3. d3 Nc6 4. Bg5 h6 (4... Be7 5. Be2 d5 6. exd5 Nxd5 7. Bxe7 Qxe7 8.
Nbd2 O-O 9. O-O Bd7 10. a3 Rae8 11. Re1 f5 12. Bf1 Qf6 13. c3 Kh8 14. Kh1 g5
15. g3 e4 16. dxe4 fxe4 17. Qb3 Nb6 18. Nd4 Nxd4 19. cxd4 {
Siry,M-Drtina,M/SVK-chT 1994/TD 94\03/0-1 (33)}) 5. Bh4 Be7 6. Nc3 $146 (6. c3
d5 7. Nbd2 O-O 8. Be2 Be6 9. O-O Qd7 10. Qc2 Rfd8 11. Rfd1 Qe8 12. a3 Rd7 13.
Bg3 Bd6 14. exd5 Nxd5 15. Ne4 f5 16. Nxd6 cxd6 17. d4 Nf6 18. dxe5 Nh5 19. Rxd6
f4 20. Bh4 Rxd6 {Skreno,V-Rohacek,M/Ruzomberok 1996/1/2-1/2 (67)}) 6... O-O 7.
Be2 d6 8. O-O a6 {Consolidates b5} 9. h3 {Secures g4} Be6 10. Re1 b5 11. a3 {
Controls b4} Qd7 12. Bxf6 Bxf6 ({Less advisable is} 12... gxf6 13. d4 exd4 14.
Nxd4 Nxd4 15. Qxd4 $16) 13. Bf1 Ne7 14. Ne2 c5 15. Ng3 Ng6 16. Nh5 Be7 17. c3
Rac8 $11 (17... d5 18. exd5 Qxd5 19. c4 $11) 18. d4 f5 $14 (18... exd4 $5 {
must definitely be considered} 19. cxd4 d5 $15) 19. d5 $11 {White gains space}
(19. exf5 Bxf5 20. dxe5 Rcd8 $14) 19... Bf7 20. exf5 Qxf5 21. Ng3 Qd7 22. Bd3
Qb7 23. Be4 {The bishop likes it on e4} c4 {Black gets more space} 24. Nf5 Nf4
$2 $18 {d5 seems the pivot of the position} (24... Qd7 $142 $11 {
and Black can hope to survive}) 25. Nxe5 $1 {a forceful and devastating end.} (
25. Nxe7+ {is the less attractive alternative} Qxe7 26. Qd2 Qf6 $17) 25... Bh5
(25... dxe5 $4 {the knight is invulnerable} 26. d6 Qb8 27. Nxe7+ (27. dxe7 $6
Rfe8 $18) 27... Kh8 28. Nxc8 Qxc8 29. Qd2 $18) 26. Ng4 (26. Nxe7+ $6 Qxe7 27.
Nf3 Qf7 $11) 26... Rce8 27. Qd4 (27. Qf3 Bg5 28. Nxd6 Qd7 29. Nxe8 Nxh3+ 30.
Qxh3 Bxg4 $18) 27... Bf6 28. Nxf6+ $14 (28. Qe3 $142 {
a pity that White didn't try this} Bxg4 29. Nxd6 Rxe4 30. Qxe4 $18 (30. Nxb7
Rxe3 31. Rxe3 Bc8 $15)) 28... Rxf6 29. f3 {Covers g4} Qd7 30. Ng3 Re5 31. Nxh5
$14 (31. Qb6 Bf7 32. Qxa6 Bxd5 33. Bxd5+ Nxd5 $16) 31... Rxh5 32. Rad1 $15 (32.
Kf2 $5 $11) 32... Rg5 33. Rd2 $2 $19 (33. g4 $142 $11 {
is the best option White has}) 33... Qxh3 {The mate threat is Rxg2} 34. Ree2
Nxe2+ 35. Rxe2 Rf4 $15 (35... Qc8 $142 $5 $19) 36. Bh7+ Kxh7 37. Qxf4 Qd7 $14 (
37... Qf5 $142 $5 {is worthy of consideration} 38. Qe4 Qxe4 39. fxe4 Kg6 $15)
38. Re6 Qa7+ 39. Kf1 Qc5 $4 {the pressure is too much, Black crumbles} (39...
Re5 $142 $16) 40. Qxd6 $11 (40. Qe4+ g6 41. Re7+ Kh8 42. Re8+ Kh7 43. Qe7#)
40... Qxd5 41. Qxd5 {Threatening mate: Qe4} ({Weaker is} 41. Qxa6 Qd3+ 42. Kf2
Qd2+ 43. Re2 Rxg2+ 44. Kxg2 Qxe2+ 45. Kg3 Qxb2 $17) 41... Rxd5 42. Rxa6 Rd1+
43. Ke2 Rb1 44. g4 (44. g3 Rxb2+ 45. Ke3 h5 $14) 44... Rxb2+ 45. Ke3 Rb1 $16 (
45... Rc2 $142 $5 {is interesting} 46. Kd4 Rf2 $11) 46. Kd4 $11 (46. a4 $142 $5
$16) 46... Rf1 47. Kc5 {The white king gets dangerous} Rxf3 48. Kxb5 Rxc3 49.
a4 Rg3 50. Kxc4 Rxg4+ 51. Kd3 h5 52. a5 $2 $19 (52. Ke2 $142 $5 $17) 52... Ra4
$17 (52... Rg5 $142 $5 53. Ra8 h4 54. Rb8 Rxa5 55. Ke4 $19) 53. Ke3 h4 54. Kf2
g6 $17 (54... Ra2+ 55. Kg1 $19) 55. Ra8 $19 (55. Kg2 g5 $17) 55... Kh6 $17 (
55... Ra2+ 56. Kg1 $19) 56. a6 Kg5 57. a7 Ra6 58. Kg2 Ra3 59. Kh2 Kg4 {
Black intends h3} 60. Kg2 $4 {White crumbles in face of a dire situation} (60.
Rg8 $142 Ra2+ 61. Kg1 Rxa7 62. Rxg6+ Kh3 63. Rc6 $19) 60... g5 (60... h3+ 61.
Kf2 h2 62. Rh8 Rxa7 63. Rxh2 Ra2+ 64. Kg1 Rxh2 65. Kxh2 $19) 61. Kh1 (61. Kf2
$19 {hoping against hope}) 61... h3 $19 (61... Kg3 62. Rd8 Ra1+ 63. Rd1 Rxd1#)
62. Kg1 (62. Rd8 {what else?} Rxa7 63. Kg1 $19) 62... Kg3 {
Threatening mate... how?} 63. Kh1 (63. Kf1 {
there is nothing better in the position} h2 64. Rh8 $19) 63... Ra1# 0-1